Trigonometry / (Record no. 638)

MARC details
000 -LEADER
fixed length control field 00830cam a2200253 a 4500
005 - DATE AND TIME OF LATEST TRANSACTION
control field 20260322212028.0
008 - FIXED-LENGTH DATA ELEMENTS--GENERAL INFORMATION
fixed length control field data
010 ## - LIBRARY OF CONGRESS CONTROL NUMBER
LC control number 99032245
020 ## - INTERNATIONAL STANDARD BOOK NUMBER
International Standard Book Number 0817639144 (alk. paper)
020 ## - INTERNATIONAL STANDARD BOOK NUMBER
International Standard Book Number 9780817639143 (alk. paper)
040 ## - CATALOGING SOURCE
Original cataloging agency DLC
Transcribing agency DLC
Modifying agency DLC
050 00 - LIBRARY OF CONGRESS CALL NUMBER
Classification number QA533
Item number .G45 2001
082 00 - DEWEY DECIMAL CLASSIFICATION NUMBER
Classification number 516.24/2
Edition information 21
092 ## - LOCALLY ASSIGNED DEWEY CALL NUMBER (OCLC)
Classification number 516.24 G45 2001
001 - CONTROL NUMBER
control field data
100 1# - MAIN ENTRY--PERSONAL NAME
Personal name Gelʹfand, I. M.
Fuller form of name (Izrailʹ Moiseevich)
245 10 - TITLE STATEMENT
Title Trigonometry /
Statement of responsibility, etc. I. M. Gelʹfand & Mark E. Saul.
260 ## - PUBLICATION, DISTRIBUTION, ETC.
Place of publication, distribution, etc. Boston :
Name of publisher, distributor, etc. Birkhäuser,
Date of publication, distribution, etc. c2001.
300 ## - PHYSICAL DESCRIPTION
Extent x, 229 p. :
Other physical details ill. ;
Dimensions 23 cm.
650 #0 - SUBJECT ADDED ENTRY--TOPICAL TERM
Topical term or geographic name entry element Plane trigonometry.
700 1# - ADDED ENTRY--PERSONAL NAME
Personal name Saul, Mark E.
856 42 - ELECTRONIC LOCATION AND ACCESS
Materials specified Publisher description
Uniform Resource Identifier <a href="http://www.loc.gov/catdir/enhancements/fy0812/99032245-d.html">http://www.loc.gov/catdir/enhancements/fy0812/99032245-d.html</a>
856 41 - ELECTRONIC LOCATION AND ACCESS
Materials specified Table of contents only
Uniform Resource Identifier <a href="http://www.loc.gov/catdir/enhancements/fy0812/99032245-t.html">http://www.loc.gov/catdir/enhancements/fy0812/99032245-t.html</a>
Holdings
Withdrawn status Lost status Damaged status Not for loan Home library Current library Shelving location Date acquired Total checkouts Full call number Barcode Date last seen Price effective from Koha item type
        Franklin Franklin General stacks 22/03/2026   516.24/2 21 BC0010655 22/03/2026 22/03/2026 Books